Largest Countries by Continent Minefield Quiz Stats

 Plays Quiz Updated Nov 15, 2017

Score 0/66 Timer 08:00
4 Plays Today
Area Country % Correct
9,629,091 ???
77.6%
9,984,670 ???
76.9%
1,964,375 ???
71.7%
(*)???
71.5%
(*)???
71.3%
3,960,000 ???
67.5%
13,138,242 ???
67.5%
9,596,961 ???
56%
(*)???
48.4%
8,514,877 ???
46.8%
3,287,263 ???
44.8%
357,114 ???
43.7%
640,294 ???
43.3%
2,780,400 ???
41%
(*)???
40.1%
(*)???
37.2%
7,692,024 ???
35.7%
109,886 ???
34.7%
603,500 ???
33.3%
505,992 ???
32.1%
756,102 ???
31.9%
1,285,216 ???
31.8%
108,889 ???
31.7%
112,492 ???
31.3%
1,141,748 ???
30.7%
130,373 ???
30%
270,467 ???
28.4%
2,724,900 ???
28.3%
1,564,100 ???
28.3%
912,050 ???
27.8%
1,098,581 ???
26.7%
759,798 ???
26%
75,417 ???
25.8%
Area Country % Correct
2,381,741 ???
24.3%
51,100 ???
23.1%
312,685 ???
22.3%
1,910,931 ???
22.1%
2,344,858 ???
22%
450,295 ???
21.6%
406,752 ???
21.3%
2,209,180 ???
21.2%
1,628,750 ???
20.7%
1,886,068???
19.5%
1,221,037 ???
19.4%
462,840 ???
18.6%
2,149,690 ???
18.2%
1,759,540 ???
17.5%
386,204 ???
17%
1,267,000 ???
16.9%
256,369 ???
16.8%
338,424 ???
16.6%
1,284,000 ???
16.2%
796,095 ???
15.6%
48,671 ???
13.5%
1,240,192 ???
12.1%
18,272 ???
11.4%
1,246,700 ???
8.5%
1,104,300 ???
7.9%
28,896 ???
7.6%
2,842 ???
7.4%
214,969 ???
7.3%
747 ???
6.2%
12,189 ???
5.8%
702 ???
5.5%
726 ???
4.5%
(*)???
3.1%

You're not logged in!

Compare scores with friends on all Sporcle quizzes.
OR
Log In

Show Comments

Extras

Top Quizzes Today


Score Distribution

Your Account Isn't Verified!

In order to create a playlist on Sporcle, you need to verify the email address you used during registration. Go to your Sporcle Settings to finish the process.

Report this User

Report this user for behavior that violates our Community Guidelines.

Details: